| 000 | 01270cam a22003617a 4500 | ||
|---|---|---|---|
| 003 | CHAP | ||
| 005 | 20220329141305.0 | ||
| 008 | 971010s1979 r 00010 d | ||
| 010 | _a65856 | ||
| 011 | _a66828 | ||
| 035 | _a75810 | ||
| 040 | _cCHAP | ||
| 090 | _aTesis | ||
| 100 | 0 | 0 |
_aHernández Saucedo, Francisco Raúl. _954609 |
| 245 | 0 | _aProducción de lechuga (Lactuca sativa) utilizando riego por succión en la zona de Chapingo, México | |
| 260 |
_aChapingo, Méx. : _bEl autor, _c1979 |
||
| 300 |
_a53 h. _b: ilus. ; láms. ; gráfs. |
||
| 500 | _ac.4 en bodega | ||
| 502 | _aTesis (Ing. Agr. Esp. en Irrigación). -- UACH. Departamento de Irrigación | ||
| 590 |
_aALEPH _b10 _c20130110 _lUCH01 _h1358 |
||
| 590 |
_aBATCH-UPD _b10 _c20130110 _lUCH01 _h1934 |
||
| 590 |
_aBATCH-UPD _b10 _c20130410 _lUCH01 _h1258 |
||
| 590 |
_aBATCH-UPD _b10 _c20130914 _lUCH01 _h1718 |
||
| 590 |
_aCONVERSION _b10 _c20130109 _lUCH01 _h1336 |
||
| 650 | 1 | 4 |
_aLechuga _xIrrigación. _965464 |
| 650 | 1 | 4 |
_aLechuga _xRendimiento. _965476 |
| 901 | _aBK | ||
| 942 | _cFOLL | ||
| 949 |
_bBC _cTES _d-143333 _eTS1 _i75810 _si |
||
| 949 |
_bBC _cTES _d-143334 _eTS2 _fc.2 _i75810 _si |
||
| 949 |
_bBC _cTES _d-143335 _eTS2 _fc.3 _h21775 _i75810 _si |
||
| 949 |
_bZA _cTESBD _d-8787 _eTS1 _h133 _i75810 _si |
||
| 999 |
_c65856 _d65856 |
||